000 00680nam a22001695i 4500
001 158703
003 ES-MaACL
005 20230906211257.0
008 040902s1889 fr |||| | fre d
040 _aCAM
_bspa
_cCAM
100 1 _aMarcou, Jules.
_976547
245 1 4 _aLes géologues et la géologie du Jura jusqu'en 1870 /
_cpar Jules Marcou.
260 _aLons-le-Saunier :
_b[s.n.],
_c1889 (
_fImprimerie et lithographie Lucien Declume)
300 _a80 p. ;
_c24 cm.
650 4 _aEstratigrafía-
_xJurásico.
_9154259
852 _aES-MaACL
_jT-903-F-7
_z-- Enc. hol. conservando la cub. original
_z-- Legado de Federico de Botella y de Hornos
_z-- Enc. en un vol. facticio
999 _c158703
_d158703